Actually, That's Not True Quiz Stats

Quiz Updated Jul 12, 2012

Also try: 'What If?' Movies
Challenge
Share
Tweet
Embed
Score 0/20 Timer 07:00
2 Plays Today
Inaccuracies Movie % Correct
ACTUALLY, the Scots didn't start wearing kilts until several hundred years after the film takes place.Braveheart
77.3%
ACTUALLY, the team of students that counted cards and won big bucks at Vegas casinos was predominantly Asian, not Caucasian.21
67%
ACTUALLY, the “gentle giant” at the center of the movie did not need to be taught American football, nor did he need to be toughened up by his supposedly saintly benefactors.The Blind Side
66.8%
ACTUALLY, the ship's first officer never shot two innocent men out of panic before turning his pistol on himself. Indeed, the director later apologized on the DVD commentary. Titanic
52.2%
ACTUALLY, the head football coach wasn't a jerk. He really wanted the little underdog to play, and in fact was the one to suggest it. Rudy
49.9%
ACTUALLY, the protagonist was certainly hateful towards Jews and Poles. He and his partners sought to kill their leader primarily because they believed they would lose the war.Valkyrie
36.1%
ACTUALLY, the protagonist was an alcoholic prone to anti-Semitic rants, and he never spoke at his Nobel Prize ceremony. He also had numerous affairs with young men.A Beautiful Mind
36.1%
ACTUALLY, the emperor was all too happy to have his son take over, and his son ruled for 13 years. The son was not passed over for a general.Gladiator
33.7%
ACTUALLY, the former president made no such late night phone call.Frost/Nixon
28.5%
ACTUALLY, the no-nonsense teacher protagonist used contemporary hip-hop to reach her students, not Dylan and other such older artists.Dangerous Minds
25.9%
Inaccuracies Movie % Correct
ACTUALLY, the WWII submarine crew that mounted a daring mission to capture a German submarine was British, not American.U-571
25.4%
ACTUALLY, although the antagonist did kill a man in the ring, he was not a gleeful thug, and he felt guilty about it for the rest of his life.Cinderella Man
24.2%
ACTUALLY, the title character's 1964 boxing match was lost fair and square, not because of insidious racism. (Not that he didn't suffer at the hands of a racist system, though.)The Hurricane
23%
ACTUALLY, the central relationship between the deceitful young protagonist and his father was invented for the film. They never spoke after his parents' divorce.Catch Me If You Can
19.9%
ACTUALLY, although the charismatic villain was very much a real person, he was also very much dead eight years before the Draft Riots depicted in the film took place. Gangs of New York
19.5%
ACTUALLY, the playwright protagonist did not reserve 25 seats on the opening night of his new show for local orphans. (It sure makes for a cute moment, though.) Finding Neverland
18.2%
ACTUALLY, the domineering drug lord of the film was functionally illiterate. American Gangster
17.8%
ACTUALLY, the scientist of the film's title was not disgusted by the unapologetic pedophile he encounters during his studies, but was instead fascinated by him.Kinsey
15.6%
ACTUALLY, the protagonist's legendary Carnegie Hall show did not occur just before his death, but several years earlier, at the peak of his mainstream success.Man On The Moon
8.8%
ACTUALLY, Genghis Khan was from modern-day Mongolia. Not the Midwestern US. (Sigh)The Conqueror
2.8%

You're not logged in!

Compare scores with friends on all Sporcle quizzes.
Join for Free
OR
Log In

You Might Also Like...

Show Comments

Extras

Top Quizzes Today


Score Distribution

Your Account Isn't Verified!

In order to create a playlist on Sporcle, you need to verify the email address you used during registration. Go to your Sporcle Settings to finish the process.

Report this User

Report this user for behavior that violates our Community Guidelines.

Details: